=LDR 00000nam 2200000 4500 =001 INLIS000000000041177 =005 20130612150726 =008 ***********************************ind** =035 ##$$0010-061300000041177 =041 ##$$a ind =082 ##$$a 364.17 =090 ##$$a 364.17 , Set ,l =100 ##$$a SET, Sony =245 ##$$a 500 Gelombang Fidio Porno Indonesia , Jangan Bugil didepan kamera , Sony Set =260 ##$$a 2007 $b Yogyakarta =300 ##$$a viii,200 hlm. , 19 cm =650 ##$$a PORNOGRAFI =850 ##$$a NBPNMAT